|
|
|
|
| LEADER |
00000nab a2200000uu 4500 |
| 001 |
vtls011442267 |
| 003 |
SK-MaSNL |
| 005 |
20260303123320.0 |
| 008 |
230213|1971 xo |||||||||||||||||ger| |
| 015 |
|
|
|a SNBRB
|
| 035 |
|
|
|a (urnnbn)urn:nbn:sk:snk:ar-0031z8
|
| 035 |
|
|
|a (uuid)de96764f-16e1-4480-a2fc-ac658aeb655d
|
| 035 |
|
|
|a urn:nbn:sk:snk-abcgbm
|
| 040 |
|
|
|a SNKBUCL
|b slo
|c SNKBUCL
|e AACR2
|
| 041 |
0 |
|
|a ger
|
| 044 |
|
|
|a xo
|c SK
|
| 100 |
1 |
|
|a Frič, Fridrich,
|d 1932-1995
|4 aut
|9 358692
|
| 245 |
1 |
0 |
|a DOPPEL DISK-ELEKTROPHORESE
|c Fridrich Frič
|
| 773 |
0 |
|
|t Biológia : časopis Slovenskej akadémie vied
|g Roč. 26, č. 3 (1971), s. 257-260
|
| 954 |
|
|
|a odborná, vedecká literatúra pôvodná (slovenská)
|2 lita
|
| 958 |
|
|
|a OND
|
| 958 |
|
|
|a EUIPO
|
| 958 |
|
|
|a article16
|
| 999 |
|
|
|c 1925135
|d 1927065
|